000 00691nab a2200241 a 4500
001 32849
003 99041
005 20201118100911.0
008 ||||||n9999 ||| || ||
041 _aspa
245 0 _aAnalisis de la evolucion reciente
260 _aSuiza :
_bAsociacion Internacional de la Seguridad Social,
562 _e0
650 _aANALISIS DE TENDENCIA
650 _aESTADISTICAS SOCIALES
650 _aESTUDIO DE CASO
650 _aPAƍSES EN DESARROLLO
650 _aPRESTACIONES SOCIALES
650 _aREFORMAS SOCIALES
650 _aSEGURIDAD SOCIAL
773 _032847
_aRevista Internacional de Seguridad Social - Vol.49 No.2/96 :
942 _cSART
999 _c32849
_d32849